000 00719naa a2200217 i 4500
001 9271
003 KOSZ 005
005 20180430115842.0
008 180322s2005 pl f |000 0 pol
015 _aBZCz 2006/22491
035 _a(OCoLC)1008694742
040 _aWA N
_cWA N
_dKOSZ 005/KK
100 _aSZADA-BORZYSZKOWSKI, Wiesław.
245 1 0 _aKonwekcyjna wymiana ciepła podczas pracy diody termicznej /
_cWiesław Szada-Borzyszkowski.
260 _c2005.
650 0 _aDiody.
650 0 _aTermodynamika techniczna.
773 0 _iW:
_tKoszalińskie Studia i Materiały. -
_g2005, nr 8, s. 207-214
_x0137-7116.
856 4 1 _uhttp://polona.pl/item/43029656
_zZobacz w Polonie
942 _2UKD
_cART
999 _c9271
_d9271